Fungal diseases of the tapping panel (Record no. 59651)

MARC details
000 -LEADER
fixed length control field 00357nam a2200145Ia 4500
245 #0 - TITLE STATEMENT
Title Fungal diseases of the tapping panel
260 ## - PUBLICATION, DISTRIBUTION, ETC. (IMPRINT)
Name of publisher Planters Bulletin
Year of publication 1965
300 ## - PHYSICAL DESCRIPTION
Number of Pages 263-269
650 ## - SUBJECT ADDED ENTRY--TOPICAL TERM
Topical Term Black stripe
650 ## - SUBJECT ADDED ENTRY--TOPICAL TERM
Topical Term Fungal disease
650 ## - SUBJECT ADDED ENTRY--TOPICAL TERM
Topical Term Rubber
650 ## - SUBJECT ADDED ENTRY--TOPICAL TERM
Topical Term Tapping panel
942 ## - ADDED ENTRY ELEMENTS (KOHA)
Koha item type Journals
Holdings
Withdrawn status Lost status Damaged status Not for loan Home library Current library Shelving location Date acquired Serial Enumeration / chronology Koha item type
      Journals RRII Library RRII Library Pathology 17/12/2021 Volume 81, Issue Journals